NOFX-All Songs - Statistics

General Stats
  • This quiz has been taken 11 times
  • The average score is 56 of 253
Answer Stats
Album/Year Song % Correct
Punk in Drublic (1994) Linoleum
100%
Single (1999) The Decline
100%
War on Errorism (2003) The Separation of Church and Skate
100%
Maximum Rocknroll (1989) Id
88%
War on Errorism (2003) Idiots Are Taking Over
88%
Punk in Drublic (1994) Happy Guy
75%
Heavy Petting Zoo (1996) Liza
75%
White Trash, Two Heebs and a Bean (1992) Liza and Louise
75%
Punk in Drublic (1994) Lori Meyers
75%
War on Errorism (2003) Medio-Core
75%
Wolves in Wolves' Clothing (2006) 60%
63%
White Trash, Two Heebs and a Bean (1992) Bob
63%
Punk in Drublic (1994) Dig
63%
Punk in Drublic (1994) Don't Call Me White
63%
So Long & Thanks For All the Shoes (1997) Falling in Love
63%
War on Errorism (2003) Franco Un-American
63%
Ribbed (1991) Green Corn
63%
Punk in Drublic (1994) Leave it Alone
63%
Punk in Drublic (1994) Punk Guy
63%
Punk in Drublic (1994) Scavenger Type
63%
White Trash, Two Heebs and a Bean (1992) Stickin In My Eye
63%
Punk in Drublic (1994) The Brews
63%
Punk in Drublic (1994) The Cause
63%
The Longest Line (1992) The Longest Line
63%
Ribbed (1991) The Moron Brothers
63%
Punk in Drublic (1994) The Quass
63%
War on Errorism (2003) Whoops, I Od'd
63%
War on Errorism (2003) 13 Stitches
50%
So Long & Thanks For All the Shoes (1997) 180 Degrees
50%
So Long & Thanks For All the Shoes (1997) All His Suits Are Torn
50%
So Long & Thanks For All the Shoes (1997) All Outta Angst
50%
War on Errorism (2003) Anarchy Camp
50%
Wolves in Wolves' Clothing (2006) Benny Got Blowed Up
50%
Pump Up the Valuum (2000) Bottles to the Ground
50%
So Long & Thanks For All the Shoes (1997) Champs Elysees
50%
Pump Up the Valuum (2000) Clams Have Feelings Too
50%
Wolves in Wolves' Clothing (2006) Cool and Unusual Punishment
50%
So Long & Thanks For All the Shoes (1997) Dad's Bad News
50%
Pump Up the Valuum (2000) Dinosaurs Will Die
50%
Punk in Drublic (1994) Dying Degree
50%
Punk in Drublic (1994) Fleas
50%
So Long & Thanks For All the Shoes (1997) I'm Telling Tim
50%
So Long & Thanks For All the Shoes (1997) It's My Job to Keep Punk Rock Elite
50%
Punk in Drublic (1994) Jeff Wears Birkenstocks
50%
So Long & Thanks For All the Shoes (1997) Kids of the K-Hole
50%
The Longest Line (1992) Kill All the White Men
50%
So Long & Thanks For All the Shoes (1997) Kill Rock Stars
50%
Pump Up the Valuum (2000) Louise
50%
So Long & Thanks For All the Shoes (1997) Murder the Government
50%
Wolves in Wolves' Clothing (2006) One Celled Creature
50%
White Trash, Two Heebs and a Bean (1992) Please Play This Song on the Radio
50%
Punk in Drublic (1994) Reeko
50%
Wolves in Wolves' Clothing (2006) Seeing Double at the Triple Rock
50%
War on Errorism (2003) She's Nubs
50%
War on Errorism (2003) The Irrationality of Rationality
50%
Wolves in Wolves' Clothing (2006) Usa-Holes
50%
War on Errorism (2003) We Got Two Jealous Agains
50%
Wolves in Wolves' Clothing (2006) We March to the Beat of Indifferent Drum
50%
Wolves in Wolves' Clothing (2006) 100 Times Fuckeder
38%
War on Errorism (2003) American Errorist
38%
Pump Up the Valuum (2000) And Now For Something Completely Similar
38%
White Trash, Two Heebs and a Bean (1992) Buggley Eyes
38%
Wolves in Wolves' Clothing (2006) Cantando en Espanol
38%
War on Errorism (2003) Decom-Poseur
38%
So Long & Thanks For All the Shoes (1997) Eat the Meek
38%
Ribbed (1991) El Lay
38%
So Long & Thanks For All the Shoes (1997) Flossing a Dead Horse
38%
Pump Up the Valuum (2000) Herojuana
38%
Wolves in Wolves' Clothing (2006) Instant Crassic
38%
White Trash, Two Heebs and a Bean (1992) I Wanna Be Your Baby
38%
White Trash, Two Heebs and a Bean (1992) Johnny Appleseed
38%
War on Errorism (2003) Mattersville
38%
So Long & Thanks For All the Shoes (1997) Monosyllabic Girl
38%
Punk in Drublic (1994) My Heart is Yearning
38%
Pump Up the Valuum (2000) My Vagina
38%
Punk in Drublic (1994) Perfect Government
38%
Pump Up the Valuum (2000) Pharmacist's Daughter
38%
So Long & Thanks For All the Shoes (1997) Quart in Session
38%
War on Errorism (2003) Re-Gaining Unconciousness
38%
White Trash, Two Heebs and a Bean (1992) She's Gone
38%
Ribbed (1991) Shower Days
38%
White Trash, Two Heebs and a Bean (1992) Soul Doubt
38%
White Trash, Two Heebs and a Bean (1992) Straight Edge
38%
Pump Up the Valuum (2000) Stranger Than Fishin'
38%
Pump Up the Valuum (2000) Take Two Placebos and Call Me Lame
38%
Pump Up the Valuum (2000) Thank God It's Monday
38%
White Trash, Two Heebs and a Bean (1992) The Bag
38%
The Longest Line (1992) The Death of John Smith
38%
Ribbed (1991) The Malachi Crunch
38%
Wolves in Wolves' Clothing (2006) The Man I Killed
38%
Wolves in Wolves' Clothing (2006) The Marxist Brothers
38%
Pump Up the Valuum (2000) Theme From a NOFX Album
38%
Ribbed (1991) Together On the Sand
38%
Pump Up the Valuum (2000) Total Bummer
38%
White Trash, Two Heebs and a Bean (1992) Warm
38%
Pump Up the Valuum (2000) What's The Matter With Parents Today?
38%
Wolves in Wolves' Clothing (2006) Wolves in Wolves' Clothing
38%
Backstage Passport Soundtrack (2014) | Wolves in Wolves' Clothing (2006) You Will Lose Faith
38%
Self Entitled (2012) 72 Hookers
25%
Coaster (2009) Blasphemy
25%
Wolves in Wolves' Clothing (2006) Getting High on the Down Low
25%
Heavy Petting Zoo (1996) Hobophobic
25%
Heavy Petting Zoo (1996) Hot Dog in a Hallway
25%
Wolves in Wolves' Clothing (2006) Leaving Jesusland
25%
Ribbed (1991) New Boobs
25%
S&M Airlines (1989) S&M Airlines
25%
First Ditch Effort (2016) Six Years on Dope
25%
White Trash, Two Heebs and a Bean (1992) You're Bleeding
25%
Heavy Petting Zoo (1996) August 8th
13%
Coaster (2009) Best God in Show
13%
Single Album (2021) Birmingham
13%
Heavy Petting Zoo (1996) Bleeding Heart Disease
13%
Coaster (2009) Creeping Out Sara
13%
Wolves in Wolves' Clothing (2006) Doornails
13%
Single Album (2021) Doors and Fours
13%
Coaster (2009) Eddie, Bruce and Paul
13%
First Ditch Effort (2016) Happy Father's Day
13%
Liberal Animation (1988) Here Comes the Neighborhood
13%
First Ditch Effort (2016) I Don't Like Me Anymore
13%
Self Entitled (2012) I, Fatty
13%
Backstage Passport Soundtrack (2014) I, Melvin
13%
Single Album (2021) Linewleum
13%
S&M Airlines (1989) Mean People Suck
13%
Coaster (2009) One Million Coasters
13%
Heavy Petting Zoo (1996) Philthy Phil Philanthropist
13%
Self Entitled (2012) She Didn't Lose Her Baby
13%
Liberal Animation (1988) Shut Up Already
13%
First Ditch Effort (2016) Sid and Nancy
13%
Coaster (2009) Suits and Ladders
13%
Coaster (2009) The Agony of Victory
13%
Single Album (2021) The Big Drag
13%
So Long & Thanks For All the Shoes (1997) The Desperation's Gone
13%
Half Album (2024) The Last Drag
13%
Coaster (2009) The Quitter
13%
Coaster (2009) We Called It America
13%
Liberal Animation (1988) A 200 Club
0%
Double Album (2022) Alcopollack
0%
Backstage Passport Soundtrack (2014) All My Friends in New York
0%
Maximum Rocknroll (1989) Ant Attack
0%
Backstage Passport Soundtrack (2014) Arming the Proletariat with Potato Guns
0%
Backstage Passport Soundtrack (2014) Backstage Passport
0%
West Coast vs. Wessex (2020) Ballad of Me and My Friends
0%
Maximum Rocknroll (1989) Bang Gang
0%
Maximum Rocknroll (1989) Beast Within
0%
Liberal Animation (1988) Beer Song
0%
Maximum Rocknroll (1989) Bob Turkee
0%
Ribbed (1991) Brain Constipation
0%
First Ditch Effort (2016) Bye Bye Biopsy Girl
0%
First Ditch Effort (2016) California Drought
0%
Self Entitled (2012) Cell Out
0%
Ribbed (1991) Cheese
0%
Maximum Rocknroll (1989) Cops and Donuts
0%
Double Album (2022) Darby Crashing Your Party
0%
S&M Airlines (1989) Day to Daze
0%
First Ditch Effort (2016) Dead Beat Mom
0%
First Ditch Effort (2016) Ditch Effort
0%
Double Album (2022) Don't Count on Me
0%
Self Entitled (2012) Down With the Ship
0%
Maximum Rocknroll (1989) Drain Bramaged
0%
Heavy Petting Zoo (1996) Drop the World
0%
S&M Airlines (1989) Drug Free America
0%
Half Album (2024) Fake a Wish Foundation
0%
Backstage Passport Soundtrack (2014) Fan Mail
0%
Coaster (2009) First Call
0%
Single Album (2021) Fish in a Gun Barrel
0%
S&M Airlines (1989) Five Feet Under
0%
Ribbed (1991) Food, Sex and Ewe
0%
Heavy Petting Zoo (1996) Freedom Like A Shopping Cart
0%
Liberal Animation (1988) Freedumb
0%
Double Album (2022) Fuck Day Six
0%
Single Album (2021) Fuck Euphemism
0%
First Ditch Effort (2016) Generation Z
0%
West Coast vs. Wessex (2020) Glory Hallelujah
0%
Double Album (2022) Gone with the Heroined
0%
Ribbed (1991) Gonoherpasyphilaids
0%
S&M Airlines (1989) Go Your Own Way
0%
Backstage Passport Soundtrack (2014) Greatest Country in the World
0%
Single Album (2021) Grieve Soto
0%
Maximum Rocknroll (1989) Hit it Hold it Back
0%
Maximum Rocknroll (1989) Hold it Back
0%
Coaster (2009) I Am an Alcoholic
0%
Self Entitled (2012) I Believe in Goddess
0%
Ribbed (1991) I Don't Want You Around
0%
Liberal Animation (1988) I Live In a Cake
0%
Single Album (2021) I Love You More Than I Hate Me
0%
Half Album (2024) I'm a Rat
0%
First Ditch Effort (2016) I'm a Transvest-Lite
0%
First Ditch Effort (2016) I'm so Sorry Tony
0%
Maximum Rocknroll (1989) Instramental
0%
Backstage Passport Soundtrack (2014) Insulted by Germans
0%
Maximum Rocknroll (1989) Iron Man
0%
Double Album (2022) Is It Too Soon If Time is Relative?
0%
First Ditch Effort (2016) It Ain't Lonely at the Bottom
0%
Self Entitled (2012) I've Got One Jealous Again, Again
0%
S&M Airlines (1989) Jaundiced Eye
0%
Double Album (2022) Johanna Constant Teen
0%
Ribbed (1991) Just the Flu
0%
Maximum Rocknroll (1989) Lager in the Dark
0%
Backstage Passport Soundtrack (2014) Last Night Was Really Fun?
0%
S&M Airlines (1989) Life O'Riley
0%
Maximum Rocknroll (1989) Live Your Life
0%
Heavy Petting Zoo (1996) Love Story
0%
Maximum Rocknroll (1989) Memories
0%
Maximum Rocknroll (1989) Mom's Rules
0%
Liberal Animation (1988) Mr. Jones
0%
Single Album (2021) My Bro Cancervive Cancer
0%
Double Album (2022) My Favorite Enemy
0%
Maximum Rocknroll (1989) My Friends
0%
Coaster (2009) My Orphan Year
0%
Self Entitled (2012) My Sycophant Others
0%
Backstage Passport Soundtrack (2014) No Fun in Fundamentalism
0%
Liberal Animation (1988) | Maximum Rocknroll (1989) No Problems
0%
Ribbed (1991) Nowhere
0%
Maximum Rocknroll (1989) On My Mind
0%
Liberal Animation (1988) On the Rag
0%
First Ditch Effort (2016) Oxy Moronic
0%
Liberal Animation (1988) Piece
0%
S&M Airlines (1989) Professional Crastination
0%
Double Album (2022) Punk Rock Cliche
0%
Backstage Passport Soundtrack (2014) Punk Rock Passport
0%
Heavy Petting Zoo (1996) Release the Hostages
0%
The Longest Line (1992) Remnants
0%
Self Entitled (2012) Ronnie & Mags
0%
S&M Airlines (1989) Scream for Change
0%
Self Entitled (2012) Secret Society
0%
Maximum Rocknroll (1989) Shitting Bricks
0%
Maximum Rocknroll (1989) Six Pack Girls
0%
Liberal Animation (1988) Sloppy English
0%
The Longest Line (1992) Stranded
0%
West Coast vs. Wessex (2020) Substitute
0%
Backstage Passport Soundtrack (2014) Teenage Punching Bag
0%
West Coast vs. Wessex (2020) Thatcher Fucked the Kids
0%
Heavy Petting Zoo (1996) The Black & White
0%
Half Album (2024) The Humblest Man in the World
0%
Half Album (2024) The Queen is Dead
0%
Self Entitled (2012) This Machine is 4
0%
Double Album (2022) Three Against Me
0%
Maximum Rocknroll (1989) Too Mixed Up
0%
Liberal Animation (1988) Truck Stop Blues
0%
S&M Airlines (1989) Vanilla Sex
0%
Liberal Animation (1988) Vegetarian Mumbo Jumbo
0%
Backstage Passport Soundtrack (2014) We're Bros
0%
Heavy Petting Zoo (1996) Whatever Didi Wants
0%
Heavy Petting Zoo (1996) What's The Matter With Kids Today?
0%
Maximum Rocknroll (1989) White Bread
0%
West Coast vs. Wessex (2020) Worse Things Happen at Sea
0%
Self Entitled (2012) Xmas Has Been X'ed
0%
S&M Airlines (1989) You Drink, You Drive, You Spill
0%
Liberal Animation (1988) You Put Your Chocolate In My Peanut Butter
0%
Backstage Passport Soundtrack (2014) Your Hubcaps Cost More Than My Car
0%
Single Album (2021) Your Last Resort
0%
No matching quizzes found
Score Distribution
Percent of People with Each Score
Percentile by Number Answered
Your Score History
You have not taken this quiz